00895cam a22002291 4500001001300000003000400013005001700017008004100034010001700075035001900092040001800111050001700129100002100146245007700167260006500244300002300309500002600332500014100358650004800499650004700547710007100594sa 68019057 DLC20260227112716.0750204||||| io 000 0 ind  asa 68019057  a(OCoLC)1160637 aDLCcOAUdDLC00aHD4303b.S341 aSadli, Mohammad.10aDekonsentrasi management di perusahaan² negara,cdisusun oleh M. Sadli. aDjakarta, Lembaga Ekonomi dan Kemasjarakatan Nasional, 1965. aiii, 47 p.c28 cm. a"Penerbitan ulangan." a"Laporan ini adalah workshop kedua jang diadakan oleh Lembaga Ekonomi dan Kemasjarakatan Nasional ...pada tanggal 12 dan 18 Djuli 1963." 0aGovernment business enterpriseszIndonesia. 0aDecentralization in managementzIndonesia.1 aJakarta (Indonesia).bLembaga Ekonomi dan Kemasjarakatan Nasional.